| 000 | 00589nam a2200193 i 4500 | ||
|---|---|---|---|
| 001 | 78256 | ||
| 003 | ES-MaACL | ||
| 005 | 20250823021524.0 | ||
| 007 | t| | ||
| 008 | 041013s1964 sp ||||1| spa d | ||
| 100 | 1 |
_aHäring, Bernhard. _961847 |
|
| 245 | 1 | 0 |
_aCristiano en un mundo nuevo / _cBernhard Häring ; [versión cstellana de Pedro Pinedpo Arza]. |
| 260 |
_aBarcelona : _bHerder, _c1964. |
||
| 300 |
_a456 p. ; _c22 cm. |
||
| 650 | 7 |
_aMoral cristiana _2embne _9142371 |
|
| 700 | 1 |
_aPinedo Arza, Pedro. _992111 |
|
| 852 |
_aES-MaACL _jC-25397 _bR.54274 |
||
| 999 |
_c78256 _d78256 |
||